Interim report of the Road Transport Taxation Enquiry Committee on Inter-State Transport, December 1966 (Record no. 489515)

000 -LEADER
fixed length control field 00604cam a22001457a 4500
008 - FIXED-LENGTH DATA ELEMENTS--GENERAL INFORMATION
fixed length control field 180718b1968 xxu||||| |||| 00| 0 eng d
082 ## - DEWEY DECIMAL CLASSIFICATION NUMBER
Classification number L26x54 In2r/In
100 ## - MAIN ENTRY--PERSONAL NAME
Personal name India. Road Transport Taxation Enquiry Committee on Inter-State Transport
245 ## - TITLE STATEMENT
Title Interim report of the Road Transport Taxation Enquiry Committee on Inter-State Transport, December 1966
Statement of responsibility, etc. by Ministry of Transport and Shipping
260 ## - PUBLICATION, DISTRIBUTION, ETC.
Place of publication, distribution, etc. Delhi
Name of publisher, distributor, etc. The Manager of Publications
Date of publication, distribution, etc. 1968
300 ## - PHYSICAL DESCRIPTION
Extent 65+p.
500 ## - GENERAL NOTE
General note Chairman: B.V. Keskar
700 ## - ADDED ENTRY--PERSONAL NAME
Personal name India. Ministry of Transport and Shipping
700 ## - ADDED ENTRY--PERSONAL NAME
Personal name Keskar, B.V. (Chairman)
Holdings
Withdrawn status Lost status Damaged status Not for loan Permanent Location Current Location Date acquired Full call number Barcode Date last seen Price effective from Koha item type
        Indian Institute of Public Administration Indian Institute of Public Administration 2018-08-04 L26x54 In2r/In GG18008 2018-08-04 2018-08-04 GG
        Indian Institute of Public Administration Indian Institute of Public Administration 2018-08-04 L26x54 In2r/In GG8227 2018-08-04 2018-08-04 GG

Powered by Koha